An Introduction to the Theory of Spatial Object Modelling for GIS (Record no. 616125)

000 -LEADER
fixed length control field 00528nam a22001817a 4500
003 - CONTROL NUMBER IDENTIFIER
control field NUST
005 - DATE AND TIME OF LATEST TRANSACTION
control field 20260209090730.0
008 - FIXED-LENGTH DATA ELEMENTS--GENERAL INFORMATION
fixed length control field 260209b ||||| |||| 00| 0 eng d
020 ## - INTERNATIONAL STANDARD BOOK NUMBER
International Standard Book Number 978-0748407750
082 ## - DEWEY DECIMAL CLASSIFICATION NUMBER
Classification number 910.285
100 ## - MAIN ENTRY--PERSONAL NAME
Personal name Molenaar, Martin.
9 (RLIN) 133122
245 ## - TITLE STATEMENT
Title An Introduction to the Theory of Spatial Object Modelling for GIS
Statement of responsibility, etc. Molenaar, Martin.
250 ## - EDITION STATEMENT
Edition statement 1st Edition
260 ## - PUBLICATION, DISTRIBUTION, ETC.
Place of publication, distribution, etc. Cornwall:
Name of publisher, distributor, etc. CRC Press,
Date of publication, distribution, etc. 1998.
300 ## - PHYSICAL DESCRIPTION
Extent 200 p ;
Dimensions 6.25 x 0.5 x 9.5 inches.
563 ## - BINDING INFORMATION
Binding note Papercover
942 ## - ADDED ENTRY ELEMENTS (KOHA)
Source of classification or shelving scheme
Koha item type Book
Holdings
Withdrawn status Lost status Source of classification or shelving scheme Damaged status Not for loan Permanent Location Current Location Date acquired Total Checkouts Full call number Barcode Date last seen Price effective from Koha item type
          Institute of Geographical Information Systems (IGIS) Institute of Geographical Information Systems (IGIS) 02/09/2026   910.285 IGIS-44 02/09/2026 02/09/2026 Book
          Institute of Geographical Information Systems (IGIS) Institute of Geographical Information Systems (IGIS) 02/09/2026   910.285 IGIS-45 02/09/2026 02/09/2026 Book
          Institute of Geographical Information Systems (IGIS) Institute of Geographical Information Systems (IGIS) 02/09/2026   910.285 IGIS-46 02/09/2026 02/09/2026 Book
          Institute of Geographical Information Systems (IGIS) Institute of Geographical Information Systems (IGIS) 02/09/2026   910.285 IGIS-47 02/09/2026 02/09/2026 Book
          Institute of Geographical Information Systems (IGIS) Institute of Geographical Information Systems (IGIS) 02/09/2026   910.285 IGIS-48 02/09/2026 02/09/2026 Book
          Institute of Geographical Information Systems (IGIS) Institute of Geographical Information Systems (IGIS) 02/09/2026   910.285 IGIS-49 02/09/2026 02/09/2026 Book
© 2023 Central Library, National University of Sciences and Technology. All Rights Reserved.